Robust Versus Optimal Rules in Monetary Policy : A Note.

We provide a framework for analyzing the choice between optimal and robust monetary policy rules in the presence of paradigm uncertainty. We first discuss the conditions on uncertainty that render a robust rule preferable to an optimal rule. Second, we show how the degree of risk aversion of the pol...

ver descrição completa

Detalhes bibliográficos
Autor Corporativo: International Monetary Fund
Formato: Periódico
Idioma:English
Publicado em: Washington, D.C. : International Monetary Fund, 2004.
Colecção:IMF Working Papers; Working Paper ; No. 2004/096
Assuntos:
Acesso em linha:Full text available on IMF
LEADER 01576cas a2200301 a 4500
001 AALejournalIMF003010
008 230101c9999 xx r poo 0 0eng d
020 |c 5.00 USD 
020 |z 9781451851946 
022 |a 1018-5941 
040 |a BD-DhAAL  |c BD-DhAAL 
110 2 |a International Monetary Fund. 
245 1 0 |a Robust Versus Optimal Rules in Monetary Policy :   |b A Note. 
264 1 |a Washington, D.C. :  |b International Monetary Fund,  |c 2004. 
300 |a 1 online resource (10 pages) 
490 1 |a IMF Working Papers 
500 |a <strong>Off-Campus Access:</strong> No User ID or Password Required 
500 |a <strong>On-Campus Access:</strong> No User ID or Password Required 
506 |a Electronic access restricted to authorized BRAC University faculty, staff and students 
520 3 |a We provide a framework for analyzing the choice between optimal and robust monetary policy rules in the presence of paradigm uncertainty. We first discuss the conditions on uncertainty that render a robust rule preferable to an optimal rule. Second, we show how the degree of risk aversion of the policymaker increases the region in which the robust rule is preferred. 
538 |a Mode of access: Internet 
650 7 |a Banks  |2 imf 
650 7 |a Central Bank  |2 imf 
650 7 |a Depository Institutions  |2 imf 
650 7 |a Micro Finance Institutions  |2 imf 
650 7 |a WP  |2 imf 
830 0 |a IMF Working Papers; Working Paper ;  |v No. 2004/096 
856 4 0 |z Full text available on IMF  |u http://elibrary.imf.org/view/journals/001/2004/096/001.2004.issue-096-en.xml  |z IMF e-Library